01881naa a2200205 a 450000100080000000500110000800800410001910000200006024500960008026000090017652012660018565300170145165300140146865300330148270000230151570000190153870000200155770000240157777300740160110645702009-06-23 2008 bl uuuu u00u1 u #d1 aSILVA, E. P. da aAvalia????o biomec??nica do trabalho de extra????o manual de madeira em ??reas acidentadas. c2008 aEste trabalho teve por objetivo realizar a avalia????o biomec??nica do trabalho de extra????o manual de madeira em ??reas acidentadas. A pesquisa foi realizada em uma empresa do setor florestal, situada no Distrito Florestal do Vale do Rio Doce, munic??pio de Guanh??es, no Estado de Minas Gerais. O objeto de estudo constituiu-se de 100% dos trabalhadores (29 pessoas) envolvidos na atividade de extra????o manual de toras de eucalipto (censo ou popula????o). A avalia????o biomec??nica foi realizada por meio do programa bidimensional de predi????o de posturas e for??as est??ticas, desenvolvido pela Universidade de Michigan. Os resultados evidenciaram que em ambas as etapas da atividade de extra????o manual existem riscos de les??es para as articula????es corporais. Os riscos de les??es aumentam ?? medida que os trabalhadores manuseiam toras mais pesadas. Ao sustentar uma tora ?? altura do tronco, os riscos de les??es ao trabalhador tornam-se mais graves. Ao t??rmino da pesquisa foi poss??vel concluir que a atividade estudada exp??e os trabalhadores ao risco de les??o para as articula????es dos cotovelos, coxofemurais e tornozelos, sendo o empilhamento a etapa da atividade que mais exp??e os trabalhadores florestais ao risco de les??o articular. aBiomec??nica aErgonomia aLes??o m??sculo-esquel??tica1 aDE SOUZA, A. P. de1 aMINETTE, L. J.1 aBAETA, F. da C.1 aVIEIRA, H. A. N. F. tScientia Forestalis. Piracicabagv. 36, n. 79, p. 231-235, set. 2008.